000 00322nam a2200157Ia 4500
100 _aVahid Frank
650 _aDigital Design
942 _cBK
366 _f25
245 _aDigital design
260 _bWiley India
_c2005
082 _a621.3815
_bVAH
300 _a540
546 _aENGLISH
_cPAMPHALETS
999 _c19870
_d19870